Football Players From France - Sudden Death - Statistics

General Stats
  • This quiz has been taken 316 times
  • The average score is 9 of 10
Answers on the Grid
Answers color-coded by a green-red scale on the quiz's grid according to % correct below.
Zinedine Zidane
William Saliba
Viktor Gyökeres
Victor Osimhen
Randal Kolo Muani
Paul Pogba
Ousmane Dembélé
Neymar Jr
N'Golo Kanté
Marcus Thuram
Kylian Mbappé
Khvicha Kvaratskhelia
Hakan Çalhanoğlu
Federico Dimarco
Ezri Konsa
Eberechi Eze
Désiré Doué
Denzel Dumfries
Antoine Griezmann
Álvaro Morata
 
Answer Stats
Answer % Correct
Zinedine Zidane
98%
Paul Pogba
96%
Kylian Mbappé
95%
Ousmane Dembélé
94%
N'Golo Kanté
93%
Marcus Thuram
92%
Antoine Griezmann
90%
William Saliba
90%
Randal Kolo Muani
88%
Désiré Doué
85%
No matching quizzes found
Score Distribution
Percent of People with Each Score
Percentile by Number Answered
Your Score History
You have not taken this quiz